| Tag |
First Indicator |
Second Indicator |
Subfields |
| LEADER |
00000cam a2200000 a 4500 |
| 001 |
in00000095467 |
| 005 |
20150923173558.0 |
| 008 |
820205s1981 ilu b 00110 eng |
| 010 |
|
|
|a 80081104
|
| 020 |
|
|
|a 0813421365 (pbk.)
|
| 035 |
|
|
|a (OCoLC)07543780
|
| 035 |
|
|
|9 AAK8108AM
|
| 039 |
0 |
|
|a 2
|b 3
|c 3
|d 3
|e 3
|
| 040 |
|
|
|a DLC
|c DLC
|d TXA
|d UtOrBLW
|
| 043 |
|
|
|a n-us---
|
| 049 |
|
|
|a TXAM
|c [1362642]
|
| 050 |
0 |
0 |
|a LA210
|b P85
|
| 082 |
0 |
|
|a 370/.1
|2 19
|
| 100 |
1 |
|
|a Punke, Harold Herman,
|d 1900-
|
| 245 |
1 |
0 |
|a Mythology in American education /
|c Harold H. Punke.
|
| 264 |
|
1 |
|a Danville, Ill. :
|b Interstate Printers & Publishers,
|c [1981]
|
| 264 |
|
4 |
|c ©1981
|
| 300 |
|
|
|a x, 470 pages ;
|c 25 cm.
|
| 336 |
|
|
|a text
|b txt
|2 rdacontent
|
| 337 |
|
|
|a unmediated
|b n
|2 rdamedia
|
| 338 |
|
|
|a volume
|b nc
|2 rdacarrier
|
| 504 |
|
|
|a Includes bibliographical references and index.
|
| 650 |
|
0 |
|a Education
|z United States
|x Philosophy.
|
| 999 |
|
|
|a MARS
|
| 999 |
f |
f |
|s a81fb43c-04db-337f-be05-956fbf1d4c48
|i 25fd580a-c581-3452-9d37-31afd67cb9f5
|t 0
|
| 952 |
f |
f |
|p normal
|a Texas A&M University
|b College Station
|c Sterling C. Evans Library
|d Evans: Library Stacks
|t 0
|e LA210 P85
|h Library of Congress classification
|i unmediated -- volume
|m A14806022510
|
| 998 |
f |
f |
|a LA210 P85
|t 0
|l Evans: Library Stacks
|